01039nam0a22002291 4500001001100000005001700011021001900028035002600047100004100073101000800114102000700122105001800129200034000147210004600487215002200533606009000555700003100645702006900676801001800745801002200763852002400785rc\396487220250611040914.0 aRUb[55-43227] a(NLR Aleph) 008052404 a20130415d1955 |||y0rusy50 ca0 arus aRU aa z |||a|1 aКак мы добились высокой яйценоскости курe[Рассказ заведующей птицефермы колхоза им. К. Маркса]f[Лит. обработка Р. Воронок]gОтд. с.-х. науки Сталинского обл. упр. сельского хозяйства aСталиноcОбл. изд-воd1955 a16 с.cил.d20 aКурыxУход и содержаниеyСталинская область2psbo 1aКорниенкоbВ.М. 1aВоронокbР.В.gРувим Вениаминович4570 0aRUbNLRgpsbo 1aRUbELAR2rusmarc aNLRjС90 Г-4/3363